[Event "POL-chT 2nd League"]
[Site "Jastrzebia Gora"]
[Date "2024.09.08"]
[Round "9.31"]
[White "Romanishin, Oleg M"]
[Black "Kejna, Piotr"]
[Result "1/2-1/2"]
[WhiteElo "2302"]
[BlackElo "2284"]
[PlyCount "27"]
[EventDate "2024.08.31"]
[EventType "team-swiss"]
[EventRounds "9"]
[EventCountry "POL"]
[SourceTitle "CB37_2024"]
[SourceDate "2024.09.11"]
[SourceVersion "1"]
[SourceVersionDate "2024.09.11"]
[SourceQuality "1"]
[WhiteTeam "Konin Hetman TS"]
[BlackTeam "Legnica Miedz"]
[WhiteTeamCountry "POL"]
[BlackTeamCountry "POL"]

1. d4 Nf6 2. Nf3 g6 3. g3 Bg7 4. Bg2 0-0 5. c4 d6 6. 0-0 Nc6 7. d5 Na5 8. Qa4 c5 9. Bd2 b6 10. Bc3 e6 11. dxe6 Bxe6 12. Nbd2 d5 13. Rad1 Qe8 14. Qxe8 1/2-1/2

[Event "POL-chT 2nd League"]
[Site "Jastrzebia Gora"]
[Date "2024.09.03"]
[Round "4.37"]
[White "Lagowski, Patryk"]
[Black "Romanishin, Oleg M"]
[Result "1/2-1/2"]
[WhiteElo "2321"]
[BlackElo "2302"]
[PlyCount "26"]
[EventDate "2024.08.31"]
[EventType "team-swiss"]
[EventRounds "9"]
[EventCountry "POL"]
[SourceTitle "CB37_2024"]
[SourceDate "2024.09.11"]
[SourceVersion "1"]
[SourceVersionDate "2024.09.11"]
[SourceQuality "1"]
[WhiteTeam "Grudziadz Rotmistrz"]
[BlackTeam "Konin Hetman TS"]
[WhiteTeamCountry "POL"]
[BlackTeamCountry "POL"]

1. d4 d5 2. c4 dxc4 3. e3 g6 4. Bxc4 Bg7 5. Nf3 Nh6 6. Nc3 Nf5 7. 0-0 0-0 8. Bb3 Na6 9. d5 Nd6 10. e4 Bg4 11. h3 Bxf3 12. Qxf3 Nc5 13. Bc2 f5 1/2-1/2

[Event "POL-chT 2nd League"]
[Site "Jastrzebia Gora"]
[Date "2024.09.01"]
[Round "2.31"]
[White "Renkowski, Piotr"]
[Black "Romanishin, Oleg M"]
[Result "1-0"]
[WhiteElo "2251"]
[BlackElo "2302"]
[PlyCount "86"]
[EventDate "2024.08.31"]
[EventType "team-swiss"]
[EventRounds "9"]
[EventCountry "POL"]
[SourceTitle "CB37_2024"]
[SourceDate "2024.09.11"]
[SourceVersion "1"]
[SourceVersionDate "2024.09.11"]
[SourceQuality "1"]
[WhiteTeam "Biskupiec CKTiS"]
[BlackTeam "Konin Hetman TS"]
[WhiteTeamCountry "POL"]
[BlackTeamCountry "POL"]

1. e4 e5 2. Nf3 Nc6 3. Nc3 Nf6 4. Bb5 Nd4 5. Bc4 Bc5 6. 0-0 d6 7. Nxd4 Bxd4 8. d3 Be6 9. Ne2 Bb6 10. Ng3 h6 11. Kh1 Qd7 12. a4 a5 13. Be3 Bc5 14. Qe2 h5 15. Bxc5 dxc5 16. Nf5 0-0-0 17. Bxe6 Qxe6 18. Nxg7 Qg4 19. Qxg4+ hxg4 20. f4 Rh7 21. fxe5 Nxe4 22. dxe4 Rxg7 23. Rad1 Rd4 24. Rxd4 cxd4 25. Kg1 Kd7 26. Rd1 c5 27. c3 Ke6 28. cxd4 cxd4 29. Rxd4 Kxe5 30. Rd7 b6 31. Re7+ Kd4 32. Kf2 Rg6 33. Kg3 Rc6 34. Rxf7 Kxe4 35. Rf4+ Kd3 36. Rxg4 Kc2 37. b4 Rc3+ 38. Kf2 Kb3 39. bxa5 Rc2+ 40. Kg3 Rc3+ 41. Kh4 bxa5 42. Rg3 Re3 43. Rf3 Rxf3 1-0

[Event "Skalica op"]
[Site "Skalica"]
[Date "2024.08.08"]
[Round "7"]
[White "Verbovsky, Michal"]
[Black "Romanishin, Oleg M"]
[Result "1/2-1/2"]
[WhiteElo "2194"]
[BlackElo "2302"]
[PlyCount "64"]
[EventDate "2024.08.03"]
[EventType "swiss"]
[EventRounds "9"]
[EventCountry "SVK"]
[SourceTitle "CB33_2024"]
[SourceDate "2024.08.14"]
[SourceVersion "1"]
[SourceVersionDate "2024.08.14"]
[SourceQuality "1"]

1. e4 e5 2. Nf3 Nc6 3. d4 exd4 4. Nxd4 Bc5 5. Nb3 Bb6 6. Nc3 Nf6 7. f3 d6 8. Bg5 h6 9. Bf4 Nh5 10. Qd2 Nxf4 11. Qxf4 Qg5 12. Qxg5 hxg5 13. Nd5 Be6 14. Bb5 0-0-0 15. Nxb6+ axb6 16. Bxc6 bxc6 17. Nd4 Bd7 18. Kf2 c5 19. Ne2 Be6 20. Nc3 c6 21. h3 Kc7 22. a3 b5 23. Rhd1 Ra8 24. Ne2 b4 25. axb4 cxb4 26. Nd4 Bd7 27. Nb3 f6 28. Rxa8 Rxa8 29. Ra1 Rxa1 30. Nxa1 Be6 31. Ke3 Kb6 32. Nb3 c5 1/2-1/2

[Event "Skalica op"]
[Site "Skalica"]
[Date "2024.08.05"]
[Round "4"]
[White "Romanishin, Oleg M"]
[Black "Babula, Matej"]
[Result "1/2-1/2"]
[WhiteElo "2302"]
[BlackElo "2151"]
[PlyCount "79"]
[EventDate "2024.08.03"]
[EventType "swiss"]
[EventRounds "9"]
[EventCountry "SVK"]
[SourceTitle "CB33_2024"]
[SourceDate "2024.08.14"]
[SourceVersion "1"]
[SourceVersionDate "2024.08.14"]
[SourceQuality "1"]

1. Nf3 d5 2. g3 Bg4 3. Bg2 c6 4. c4 e6 5. Qb3 Qb6 6. Ne5 Bf5 7. 0-0 Nf6 8. d4 Nbd7 9. Nxd7 Nxd7 10. Nc3 Be7 11. e4 dxe4 12. Be3 Qxb3 13. axb3 Nf6 14. h3 h5 15. Bg5 0-0 16. Nxe4 Bxe4 17. Bxe4 Nxe4 18. Bxe7 Rfe8 19. Bb4 e5 20. dxe5 c5 21. Bc3 Nxc3 22. bxc3 Rxe5 23. Rfd1 b6 24. Ra6 Re7 25. Rda1 Rb7 26. Kg2 g6 27. h4 Kg7 28. R1a2 Kh7 29. Kf3 Kg7 30. Kf4 Kf6 31. f3 Kg7 32. R2a4 Kf6 33. Ra2 Kg7 34. Ra1 Kf6 35. g4 hxg4 36. fxg4 Kg7 37. h5 f6 38. hxg6 Kxg6 39. R1a2 Re7 40. Rf2 1/2-1/2

[Event "Acqui Terme op"]
[Site "Acqui Terme"]
[Date "2024.06.09"]
[Round "2"]
[White "La Barbera, Manfredi"]
[Black "Romanishin, Oleg M"]
[Result "1/2-1/2"]
[WhiteElo "2126"]
[BlackElo "2355"]
[PlyCount "46"]
[EventDate "2024.06.08"]
[EventType "swiss"]
[EventRounds "9"]
[EventCountry "ITA"]
[SourceTitle "CB25_2024"]
[SourceDate "2024.06.01"]
[SourceVersion "1"]
[SourceVersionDate "2024.06.01"]
[SourceQuality "2"]

1. e4 e5 2. Nf3 Nc6 3. Bc4 Nf6 4. Ng5 d5 5. exd5 Na5 6. Bb5+ Bd7 7. Qe2 Be7 8. Nf3 0-0 9. Bxd7 Qxd7 10. Nxe5 Qxd5 11. 0-0 Bd6 12. Nf3 Rfe8 13. Qd1 c5 14. d3 Nc6 15. Bg5 Qf5 16. Nbd2 Bc7 17. Re1 Ng4 18. Bh4 h6 19. Bg3 Bxg3 20. hxg3 Rad8 21. Nf1 Qf6 22. Rxe8+ Rxe8 23. a3 Qf5 1/2-1/2

[Event "Przeworsk"]
[Site "Przeworsk"]
[Date "2024.05.29"]
[Round "1"]
[White "Bogdanov, Egor"]
[Black "Romanishin, Oleg M"]
[Result "1/2-1/2"]
[WhiteElo "2413"]
[BlackElo "2372"]
[PlyCount "60"]
[EventDate "2024.05.29"]
[EventType "tourn"]
[EventRounds "9"]
[EventCountry "POL"]
[EventCategory "9"]
[SourceTitle "CB24_2024"]
[SourceDate "2024.06.12"]
[SourceVersion "1"]
[SourceVersionDate "2024.06.12"]
[SourceQuality "1"]

1. e4 c5 2. Nf3 e6 3. c3 Qa5 4. Na3 Nc6 5. Nc4 Qc7 6. d4 cxd4 7. Nxd4 Nxd4 8. Qxd4 b5 9. Nd2 Rb8 10. Nf3 Ne7 11. Be3 Nc6 12. Qd2 b4 13. Be2 bxc3 14. bxc3 Be7 15. 0-0 0-0 16. Rfd1 d6 17. Nd4 a6 18. Rab1 Rxb1 19. Rxb1 Ne5 20. Qb2 Nd7 21. f3 h6 22. Qb4 Bg5 23. Bxg5 hxg5 24. Nb3 Nf6 25. Rd1 d5 26. Qc5 Qb8 27. c4 dxe4 28. Qxg5 Bb7 29. Qe3 exf3 30. Bxf3 Bxf3 1/2-1/2

[Event "Ostravsky Konik op-A"]
[Site "Ostrava"]
[Date "2024.05.05"]
[Round "9"]
[White "Jedlicka, Ales"]
[Black "Romanishin, Oleg M"]
[Result "1/2-1/2"]
[WhiteElo "2174"]
[BlackElo "2372"]
[PlyCount "72"]
[EventDate "2024.04.27"]
[EventType "swiss"]
[EventRounds "9"]
[EventCountry "CZE"]
[SourceTitle "CB19_2024"]
[SourceDate "2024.05.08"]
[SourceVersion "1"]
[SourceVersionDate "2024.05.08"]
[SourceQuality "1"]

1. d4 Nf6 2. c4 e6 3. g3 Bb4+ 4. Bd2 a5 5. Bg2 d5 6. a3 Be7 7. Qc2 0-0 8. Nf3 Ne4 9. 0-0 Nd7 10. Nc3 Ndf6 11. Rad1 b6 12. Nxe4 Nxe4 13. Bf4 Bd6 14. Ne5 Bb7 15. f3 Nf6 16. c5 bxc5 17. dxc5 Bxe5 18. Bxe5 Ba6 19. Rfe1 Nd7 20. Bd4 c6 21. Qc3 e5 22. Bxe5 Nxe5 23. Qxe5 Re8 24. Qd4 Bxe2 25. Rc1 Rb8 26. Qd2 Bc4 27. Rxe8+ Qxe8 28. Re1 Qd8 29. f4 h6 30. h4 Rb3 31. Re3 Rxe3 32. Qxe3 d4 33. Qe5 Bb5 34. Kf2 Kf8 35. Bf3 a4 36. Bd1 d3 1/2-1/2

[Event "Ostravsky Konik op-A"]
[Site "Ostrava"]
[Date "2024.05.02"]
[Round "6"]
[White "Romanishin, Oleg M"]
[Black "Pancewicz, Szymon"]
[Result "1-0"]
[WhiteElo "2372"]
[BlackElo "1966"]
[PlyCount "55"]
[EventDate "2024.04.27"]
[EventType "swiss"]
[EventRounds "9"]
[EventCountry "CZE"]
[SourceTitle "CB19_2024"]
[SourceDate "2024.05.08"]
[SourceVersion "1"]
[SourceVersionDate "2024.05.08"]
[SourceQuality "1"]

1. Nf3 Nf6 2. g3 b5 3. Bg2 Bb7 4. 0-0 e6 5. d3 d5 6. c4 bxc4 7. dxc4 c5 8. Qb3 Qb6 9. Nc3 Nbd7 10. Bf4 Be7 11. Ne5 Qxb3 12. axb3 g5 13. Nxd7 gxf4 14. Nxf6+ Bxf6 15. cxd5 fxg3 16. hxg3 Bxc3 17. bxc3 Bxd5 18. Bxd5 exd5 19. Rfd1 d4 20. cxd4 cxd4 21. Rxd4 0-0 22. Rg4+ Kh8 23. Rga4 Rab8 24. R1a3 Rfc8 25. Rxa7 Kg7 26. Rd7 Rc3 27. Raa7 Rf8 28. Rab7 1-0

[Event "Ostravsky Konik op-A"]
[Site "Ostrava"]
[Date "2024.05.01"]
[Round "5"]
[White "Kondys, Piotr"]
[Black "Romanishin, Oleg M"]
[Result "1/2-1/2"]
[WhiteElo "2048"]
[BlackElo "2372"]
[PlyCount "117"]
[EventDate "2024.04.27"]
[EventType "swiss"]
[EventRounds "9"]
[EventCountry "CZE"]
[SourceTitle "CB19_2024"]
[SourceDate "2024.05.08"]
[SourceVersion "1"]
[SourceVersionDate "2024.05.08"]
[SourceQuality "1"]

1. e4 c5 2. Nf3 g6 3. c3 Bg7 4. d4 Qa5 5. Nbd2 cxd4 6. Nb3 Qd8 7. cxd4 d6 8. Bd3 Nc6 9. h3 Nf6 10. Be3 0-0 11. 0-0 Nb4 12. Bb1 Bd7 13. a3 Na6 14. Qe2 Qb6 15. Nfd2 Ba4 16. d5 Qd8 17. Nd4 Nc5 18. b4 Ncd7 19. Bd3 a6 20. f4 Nb6 21. Rac1 Rc8 22. Qf2 Nfd7 23. N2b3 Bxb3 24. Nxb3 Na4 25. Rxc8 Qxc8 26. Rc1 Qb8 27. Ba7 Qd8 28. Na5 Ndc5 29. Bc2 Nc3 30. Re1 Nb5 31. Bxc5 dxc5 32. e5 cxb4 33. axb4 Qxd5 34. Be4 Qe6 35. Nxb7 Qb3 36. Nc5 Qxb4 37. Nxa6 Qa3 38. Qb6 Nc3 39. Qb4 Qxb4 40. Nxb4 Nxe4 41. Rxe4 Rc8 42. Nd5 Bf8 43. e6 fxe6 44. Rxe6 Kf7 45. Re4 e6 46. Ne3 Rc1+ 47. Kf2 Bc5 48. Kf3 h5 49. g4 Rc3 50. gxh5 gxh5 51. Re5 Bd4 52. Re4 Bb6 53. Ke2 Rb3 54. Kf3 Kf6 55. Re5 Ba7 56. Re4 Rb5 57. Kg3 Rb2 58. Re5 Rb4 59. Kf3 1/2-1/2

[Event "Rilton Cup 51st"]
[Site "Stockholm"]
[Date "2023.12.31"]
[Round "5"]
[White "Kokoszczynski, Jan"]
[Black "Romanishin, Oleg M"]
[Result "1-0"]
[WhiteElo "2250"]
[BlackElo "2384"]
[PlyCount "97"]
[EventDate "2023.12.27"]
[EventType "swiss"]
[EventRounds "9"]
[EventCountry "SWE"]
[SourceTitle "CB02_2024"]
[SourceDate "2024.01.10"]
[SourceVersion "1"]
[SourceVersionDate "2024.01.10"]
[SourceQuality "1"]

1. d4 Nf6 2. c4 e6 3. Nc3 Bb4 4. Qc2 c5 5. dxc5 Bxc5 6. Nf3 Nc6 7. Bg5 Qa5 8. Rd1 Ng4 9. e3 Nge5 10. Be2 Nxf3+ 11. gxf3 0-0 12. Bf4 Be7 13. 0-0 f5 14. Bd6 Qd8 15. f4 b6 16. Bf3 Bb7 17. Qe2 Rf6 18. Kh1 Bxd6 19. Rxd6 Qe7 20. Qd1 Rd8 21. Rg1 Na5 22. Bxb7 Nxb7 23. Rd4 Na5 24. a3 Qc5 25. b4 Qc6+ 26. Nd5 exd5 27. cxd5 Qb5 28. a4 Qa6 29. bxa5 Qxa5 30. Qb3 d6 31. Rc1 Rff8 32. Qb5 Qxb5 33. axb5 Rf7 34. Kg2 g6 35. h4 Kg7 36. Rc6 Kf6 37. Rdc4 Re7 38. Kf3 Red7 39. Ke2 Ke7 40. Kd3 Ra8 41. Ra4 Rg8 42. Ra1 h6 43. Kd4 Kf7 44. Rh1 Ra8 45. f3 Rf8 46. Rg1 Kg7 47. h5 Rf6 48. e4 fxe4 49. fxe4 1-0

[Event "Rilton Cup 51st"]
[Site "Stockholm"]
[Date "2023.12.30"]
[Round "4"]
[White "Romanishin, Oleg M"]
[Black "Srihari, Lakshmi"]
[Result "1/2-1/2"]
[WhiteElo "2384"]
[BlackElo "2272"]
[PlyCount "82"]
[EventDate "2023.12.27"]
[EventType "swiss"]
[EventRounds "9"]
[EventCountry "SWE"]
[SourceTitle "CB02_2024"]
[SourceDate "2024.01.10"]
[SourceVersion "1"]
[SourceVersionDate "2024.01.10"]
[SourceQuality "1"]

1. Nf3 Nf6 2. g3 g6 3. Bg2 Bg7 4. d4 0-0 5. 0-0 d6 6. b3 c6 7. Bb2 Nbd7 8. Nbd2 Qc7 9. a4 e5 10. dxe5 Nxe5 11. Nxe5 dxe5 12. Nc4 Nd5 13. e4 Nb4 14. Ba3 Rd8 15. Qe2 a5 16. Rfd1 Be6 17. Bf1 b5 18. axb5 cxb5 19. Ne3 Nc6 20. Rxd8+ Rxd8 21. Qxb5 Nd4 22. Qc5 Qb7 23. Bg2 a4 24. bxa4 Bf8 25. Qa5 Ra8 26. Qe1 Rxa4 27. Bxf8 Rxa1 28. Qxa1 Kxf8 29. h4 Qb4 30. Qd1 h5 31. Kh2 Qc3 32. Qb1 Kg7 33. Qb8 f6 34. Qd6 Qd2 35. Qc7+ Bf7 36. c3 Nf3+ 37. Bxf3 Qxf2+ 38. Bg2 Qxe3 39. c4 g5 40. hxg5 Qxg5 41. c5 h4 1/2-1/2

[Event "Rilton Cup 51st"]
[Site "Stockholm"]
[Date "2023.12.28"]
[Round "2"]
[White "Romanishin, Oleg M"]
[Black "Marn, Jan"]
[Result "1/2-1/2"]
[WhiteElo "2384"]
[BlackElo "2322"]
[PlyCount "128"]
[EventDate "2023.12.27"]
[EventType "swiss"]
[EventRounds "9"]
[EventCountry "SWE"]
[SourceTitle "CB02_2024"]
[SourceDate "2024.01.10"]
[SourceVersion "1"]
[SourceVersionDate "2024.01.10"]
[SourceQuality "1"]

1. Nf3 g6 2. g3 Bg7 3. d4 Nf6 4. Bg2 d5 5. c4 c6 6. cxd5 cxd5 7. Ne5 0-0 8. Nc3 Ne4 9. Nxe4 dxe4 10. 0-0 Qd5 11. b3 f6 12. Nc4 Nc6 13. Bb2 f5 14. f3 Be6 15. e3 Rad8 16. f4 b5 17. Ne5 Bxe5 18. fxe5 Qd7 19. Qe1 a5 20. Qe2 Nb4 21. Bc3 Nd3 22. Bxa5 Ra8 23. Bb6 Rfc8 24. Rfd1 Bd5 25. Qd2 e6 26. Bf1 Rc6 27. Bc5 Rca6 28. Qc2 Qd8 29. a3 Qg5 30. Rxd3 exd3 31. Qxd3 h5 32. Qd2 h4 33. Qf2 Rb8 34. Rb1 Qg4 35. Qf4 hxg3 36. Qxg3 Qh5 37. Be2 Qh6 38. h4 Rb7 39. Kf2 Ra8 40. Qf4 Qxf4+ 41. exf4 Kf7 42. h5 Rh8 43. hxg6+ Kxg6 44. Rg1+ Kf7 45. Rg3 Rh7 46. Ke1 Rg7 47. Rh3 Ke8 48. Kd2 Rg2 49. Ke3 Kd7 50. Rh7+ Kc6 51. Rxb7 Kxb7 52. Bxb5 Bxb3 53. a4 Ra2 54. Kd3 Bd5 55. Be7 Kc7 56. Kc3 Rf2 57. Bg5 Bc6 58. Bc4 Kd7 59. a5 Rh2 60. a6 Rh1 61. Kb4 Rd1 62. Kc5 Rc1 63. Kb4 Rxc4+ 64. Kxc4 Kc7 1/2-1/2

[Event "Figueira da Foz op 17th"]
[Site "Figueira da Foz"]
[Date "2023.11.12"]
[Round "9"]
[White "Romanishin, Oleg M"]
[Black "Chitlange, Sakshi"]
[Result "1-0"]
[WhiteElo "2389"]
[BlackElo "2224"]
[PlyCount "75"]
[EventDate "2023.11.05"]
[EventType "swiss"]
[EventRounds "9"]
[EventCountry "POR"]
[SourceTitle "CB46_2023"]
[SourceDate "2023.11.15"]
[SourceVersion "1"]
[SourceVersionDate "2023.11.15"]
[SourceQuality "1"]

1. Nf3 d5 2. g3 Nf6 3. Bg2 c5 4. 0-0 e6 5. d4 Nc6 6. c4 dxc4 7. Ne5 Bd7 8. Na3 cxd4 9. Naxc4 Be7 10. Qb3 Qc7 11. Nxc6 Bxc6 12. Bf4 Qd8 13. Bxc6+ bxc6 14. Ne5 c5 15. Qa4+ Kf8 16. Rac1 Qe8 17. Qa5 Nd5 18. Bd2 h5 19. h4 Nb6 20. Nd3 c4 21. Ne5 c3 22. bxc3 f6 23. Nf3 Nc4 24. Qa6 Nxd2 25. Nxd2 dxc3 26. Rxc3 Bb4 27. Rd3 Qc8 28. Qa4 Bxd2 29. Rxd2 Qc5 30. Rfd1 Kf7 31. Rc2 Qe5 32. Rd7+ Kg6 33. Rcc7 Rhg8 34. Qc4 Rab8 35. Rc5 Rb1+ 36. Kg2 Qa1 37. Qe4+ Kh6 38. Rxh5+ 1-0

[Event "Figueira da Foz op 17th"]
[Site "Figueira da Foz"]
[Date "2023.11.09"]
[Round "6"]
[White "Urazayev, Arystanbek"]
[Black "Romanishin, Oleg M"]
[Result "1-0"]
[WhiteElo "2478"]
[BlackElo "2389"]
[PlyCount "136"]
[EventDate "2023.11.05"]
[EventType "swiss"]
[EventRounds "9"]
[EventCountry "POR"]
[SourceTitle "CB46_2023"]
[SourceDate "2023.11.15"]
[SourceVersion "1"]
[SourceVersionDate "2023.11.15"]
[SourceQuality "1"]

1. e4 e5 2. Nf3 Nc6 3. Bb5 a6 4. Ba4 Nf6 5. Nc3 b5 6. Bb3 Be7 7. a4 b4 8. Nd5 0-0 9. Nxf6+ Bxf6 10. Bd5 Bb7 11. d3 d6 12. h4 Na5 13. Bxb7 Nxb7 14. b3 Nc5 15. Qe2 Ne6 16. Bb2 c5 17. 0-0-0 Qd7 18. Nd2 Rae8 19. Nc4 Bd8 20. Qf3 g6 21. h5 Nf4 22. hxg6 fxg6 23. Kb1 Rf7 24. Qg3 Qe6 25. f3 Ne2 26. Qe1 Nf4 27. Ne3 Bf6 28. Qg1 Bg5 29. Nc4 Nh5 30. Qe1 Bf4 31. Rh3 Bg5 32. Qf2 Nf4 33. Rh2 Nh5 34. Rdh1 Ref8 35. Qe1 Bf4 36. Rh3 Bg5 37. Nb6 Nf4 38. R3h2 Bd8 39. Nc4 Nh5 40. Bc1 Re8 41. Ne3 Nf6 42. Qg3 Rg7 43. Rh6 Rf8 44. Qh2 Qd7 45. Nc4 Re8 46. g4 Re6 47. Ne3 Ne8 48. Ng2 Rf6 49. f4 exf4 50. Nxf4 g5 51. Nd5 Rxh6 52. Qxh6 Rg6 53. Qh3 Nc7 54. Nb6 Qf7 55. Nc4 Be7 56. Ne3 Ne6 57. Nf5 Bf8 58. Rf1 Qd7 59. Qf3 Rf6 60. Bb2 Rf7 61. Qh3 Nf4 62. Qh2 Qe6 63. Rh1 d5 64. exd5 Qxd5 65. Nh6+ Bxh6 66. Qxh6 Ne6 67. Re1 Nf8 68. Re5 Qd6 1-0

[Event "Figueira da Foz op 17th"]
[Site "Figueira da Foz"]
[Date "2023.11.08"]
[Round "5"]
[White "Romanishin, Oleg M"]
[Black "Anustoop, Biswas"]
[Result "1-0"]
[WhiteElo "2389"]
[BlackElo "2256"]
[PlyCount "48"]
[EventDate "2023.11.05"]
[EventType "swiss"]
[EventRounds "9"]
[EventCountry "POR"]
[SourceTitle "CB46_2023"]
[SourceDate "2023.11.15"]
[SourceVersion "1"]
[SourceVersionDate "2023.11.15"]
[SourceQuality "1"]

1. Nf3 Nf6 2. c4 e6 3. g3 d5 4. d4 Bb4+ 5. Bd2 Be7 6. Bg2 0-0 7. 0-0 Nbd7 8. Qb3 c6 9. Bb4 c5 10. dxc5 Nxc5 11. Bxc5 Bxc5 12. Nc3 dxc4 13. Qxc4 Qc7 14. e3 Bd7 15. Na4 Bxa4 16. Qxa4 Nd5 17. Qb3 Rfd8 18. Rad1 Rab8 19. Nd4 b5 20. Bxd5 exd5 21. Rd2 Rb6 22. Rc1 Rc8 23. Rdc2 Qe7 24. Qxd5 Qd8 1-0

[Event "Figueira da Foz op 17th"]
[Site "Figueira da Foz"]
[Date "2023.11.06"]
[Round "2"]
[White "Silva, Reinaldo Joao David"]
[Black "Romanishin, Oleg M"]
[Result "0-1"]
[WhiteElo "1755"]
[BlackElo "2389"]
[PlyCount "142"]
[EventDate "2023.11.05"]
[EventType "swiss"]
[EventRounds "9"]
[EventCountry "POR"]
[SourceTitle "CB46_2023"]
[SourceDate "2023.11.15"]
[SourceVersion "1"]
[SourceVersionDate "2023.11.15"]
[SourceQuality "1"]

1. Nf3 Nf6 2. e3 g6 3. d4 Bg7 4. b3 c5 5. Bd3 0-0 6. Bb2 d5 7. Nbd2 Nc6 8. a3 cxd4 9. Nxd4 Qc7 10. N2f3 Ne4 11. 0-0 Bg4 12. Be2 Bxf3 13. Bxf3 Nxd4 14. exd4 Nf6 15. Qe2 Rac8 16. c3 e6 17. a4 Rfd8 18. Rfc1 Ne8 19. Rab1 Nd6 20. h4 Bh6 21. Rd1 a6 22. h5 b5 23. axb5 axb5 24. Rd3 Ra8 25. Bc1 Bxc1 26. Rxc1 Ra3 27. hxg6 hxg6 28. Qe5 Ne8 29. Qg5 Rda8 30. Bd1 Qd8 31. Qh6 Qf6 32. Rf3 Qg7 33. Qf4 Ra1 34. g3 Rxc1 35. Qxc1 Nd6 36. Be2 Qf8 37. Kg2 Qe7 38. Qh6 Nf5 39. Qf4 b4 40. c4 Qd6 41. Qxd6 Nxd6 42. c5 Nf5 43. Rd3 Ra2 44. Bd1 Kg7 45. g4 Ne7 46. Kg3 g5 47. f4 gxf4+ 48. Kxf4 Nc6 49. Ke3 Kf6 50. Bf3 Rb2 51. Kf4 Kg6 52. Bd1 f6 53. Kg3 Kg5 54. Kh3 Rf2 55. Bf3 Rc2 56. Rd1 Rc3 57. Kg2 Rxb3 58. Be2 Rc3 59. Bb5 Na5 60. Ra1 b3 61. Rb1 Rc2+ 62. Kg3 b2 63. Ba4 Rc4 64. Bd7 Rc3+ 65. Kg2 Rc2+ 66. Kg3 Nb3 67. Bxe6 Nd2 68. Rh1 Rc3+ 69. Kf2 b1Q 70. Rh5+ Kf4 71. Rf5+ Qxf5 0-1

[Event "Dresden Uhlmann Memorial"]
[Site "Dresden"]
[Date "2023.10.14"]
[Round "8"]
[White "Romanishin, Oleg M"]
[Black "Boensch, Uwe"]
[Result "1/2-1/2"]
[WhiteElo "2385"]
[BlackElo "2457"]
[PlyCount "43"]
[EventDate "2023.10.07"]
[EventType "tourn"]
[EventRounds "9"]
[EventCountry "GER"]
[EventCategory "8"]
[SourceTitle "CB47_2023"]
[SourceDate "2023.11.22"]
[SourceVersion "1"]
[SourceVersionDate "2023.11.22"]
[SourceQuality "1"]

1. d4 d5 2. Nf3 Nf6 3. c4 e6 4. g3 h6 5. Bg2 Bd6 6. 0-0 0-0 7. Nc3 Nc6 8. b3 dxc4 9. bxc4 e5 10. d5 Na5 11. Qa4 c6 12. dxc6 Nxc6 13. Rd1 Qe7 14. Rxd6 Qxd6 15. Ba3 Qd8 16. Rd1 Bd7 17. Bxf8 Qxf8 18. Nd5 Rd8 19. Qb3 Bc8 20. h3 Kh8 21. Nxf6 gxf6 22. Rxd8 1/2-1/2

[Event "Dresden Uhlmann Memorial"]
[Site "Dresden"]
[Date "2023.10.09"]
[Round "3"]
[White "Romanishin, Oleg M"]
[Black "Knaak, Rainer"]
[Result "1/2-1/2"]
[WhiteElo "2385"]
[BlackElo "2451"]
[PlyCount "33"]
[EventDate "2023.10.07"]
[EventType "tourn"]
[EventRounds "9"]
[EventCountry "GER"]
[EventCategory "8"]
[SourceTitle "CB47_2023"]
[SourceDate "2023.11.22"]
[SourceVersion "1"]
[SourceVersionDate "2023.11.22"]
[SourceQuality "1"]

1. Nf3 d5 2. g3 Bg4 3. Bg2 e6 4. c4 c6 5. Qb3 Qb6 6. d3 Nd7 7. Be3 Qxb3 8. axb3 Bb4+ 9. Bd2 Bxf3 10. Bxf3 Bxd2+ 11. Nxd2 Ngf6 12. 0-0 a6 13. Bg2 0-0-0 14. Rfc1 Kc7 15. Rc2 Kb6 16. b4 h5 17. Nf3 1/2-1/2

[Event "Dresden Uhlmann Memorial"]
[Site "Dresden"]
[Date "2023.10.07"]
[Round "1"]
[White "Romanishin, Oleg M"]
[Black "Mikhalchishin, Adrian"]
[Result "1/2-1/2"]
[WhiteElo "2385"]
[BlackElo "2455"]
[PlyCount "55"]
[EventDate "2023.10.07"]
[EventType "tourn"]
[EventRounds "9"]
[EventCountry "GER"]
[EventCategory "8"]
[SourceTitle "CB47_2023"]
[SourceDate "2023.11.22"]
[SourceVersion "1"]
[SourceVersionDate "2023.11.22"]
[SourceQuality "1"]

1. Nf3 Nf6 2. c4 c5 3. g3 d5 4. cxd5 Nxd5 5. Bg2 Nc6 6. Nc3 e6 7. 0-0 Be7 8. d4 0-0 9. e4 Nxc3 10. bxc3 b6 11. d5 Na5 12. Qc2 exd5 13. exd5 Bd6 14. c4 Qf6 15. Bb2 Qf5 16. Qc3 f6 17. Rfe1 Bd7 18. Nh4 Qh5 19. Bf3 Bg4 20. Re4 Bxf3 21. Nxf3 Rae8 22. Rae1 Rxe4 23. Rxe4 Re8 24. Rxe8+ Qxe8 25. Qc2 Kf8 26. Kf1 b5 27. Nd2 Be5 28. Bxe5 1/2-1/2

[Event "POL-chT 2nd League"]
[Site "Jastrzebia Gora"]
[Date "2023.09.10"]
[Round "9.13"]
[White "Romanishin, Oleg M"]
[Black "Koziorowicz, Michal"]
[Result "1-0"]
[WhiteElo "2385"]
[BlackElo "2321"]
[PlyCount "73"]
[EventDate "2023.09.02"]
[EventType "team-swiss"]
[EventRounds "9"]
[EventCountry "POL"]
[SourceTitle "EXT 2024"]
[Source "ChessBase"]
[SourceDate "2023.10.10"]
[SourceVersion "1"]
[SourceVersionDate "2023.10.10"]
[SourceQuality "1"]
[WhiteTeam "Konin Hetman"]
[BlackTeam "Krakow KKSz"]
[WhiteTeamCountry "POL"]
[BlackTeamCountry "POL"]

1. Nf3 Nf6 2. g3 g6 3. Bg2 Bg7 4. c4 d6 5. d4 0-0 6. 0-0 Nc6 7. d5 Na5 8. Qa4 c5 9. Bd2 b6 10. Bc3 Bd7 11. Qc2 a6 12. Nbd2 b5 13. b3 Rb8 14. e4 Re8 15. Rfe1 e5 16. dxe6 Bxe6 17. e5 dxe5 18. Nxe5 Bf5 19. Qc1 b4 20. Bb2 Qc7 21. Ndf3 Rbd8 22. h3 Re7 23. Ng5 h6 24. Ngxf7 Rxf7 25. Nxf7 Qxf7 26. Qe3 Qf8 27. Rad1 Re8 28. Qf4 Rxe1+ 29. Rxe1 Qd8 30. Qe3 Bf8 31. Qe5 Kf7 32. g4 Bc8 33. Qxf6+ Qxf6 34. Bxf6 Kxf6 35. Re8 Be6 36. Rxf8+ Ke5 37. Re8 1-0

[Event "POL-chT 2nd League"]
[Site "Jastrzebia Gora"]
[Date "2023.09.09"]
[Round "8.25"]
[White "Szolc, Grzegorz"]
[Black "Romanishin, Oleg M"]
[Result "0-1"]
[WhiteElo "2017"]
[BlackElo "2385"]
[PlyCount "72"]
[EventDate "2023.09.02"]
[EventType "team-swiss"]
[EventRounds "9"]
[EventCountry "POL"]
[SourceTitle "EXT 2024"]
[Source "ChessBase"]
[SourceDate "2023.10.10"]
[SourceVersion "1"]
[SourceVersionDate "2023.10.10"]
[SourceQuality "1"]
[WhiteTeam "Gliwice Politechnika Slaska"]
[BlackTeam "Konin Hetman"]
[WhiteTeamCountry "POL"]
[BlackTeamCountry "POL"]

1. d4 Nf6 2. Bf4 g6 3. Nc3 d5 4. e3 c6 5. Bd3 Nbd7 6. Nf3 Bg7 7. h4 a5 8. Ne5 a4 9. a3 Qb6 10. Rb1 Nh5 11. Bh2 Nxe5 12. Bxe5 Bxe5 13. dxe5 d4 14. exd4 Qxd4 15. Qf3 Qxe5+ 16. Kf1 Qf4 17. Qxf4 Nxf4 18. Be4 f5 19. Bf3 e5 20. Re1 e4 21. Bxe4 fxe4 22. Rxe4+ Ne6 23. Nxa4 Kf7 24. Nb6 Ra6 25. Nxc8 Rxc8 26. Rh3 c5 27. Rf3+ Ke7 28. Rfe3 Rd8 29. b4 Rd4 30. b5 Rad6 31. c3 Rxe4 32. Rxe4 Rd3 33. Rc4 Rd2 34. g4 Kd6 35. Ra4 Rc2 36. Ra7 Kc7 0-1